Normal view
MARC view
Entry Personal Name
001 - CONTROL NUMBER
- control field: 10338
003 - CONTROL NUMBER IDENTIFIER
- control field: OSt
005 - DATE AND TIME OF LATEST TRANSACTION
- control field: 20160721141336.0
008 - FIXED-LENGTH DATA ELEMENTS
- fixed length control field: 160721|| aca||aabn | a|a d
040 ## - CATALOGING SOURCE
- Original cataloging agency: OSt
- Transcribing agency: OSt
100 ## - HEADING--PERSONAL NAME
- Personal name: Edited by Morse A.Stephen;[et....al.]
670 ## - SOURCE DATA FOUND
- Source citation: Work cat.: (OSt): Edited by Morse A.Stephen;[et....al.], Atlas of sexuaslly transmitted diseases and Aids. , 2003.
